000 00766cam a2200241 i 4500
005 20260322212014.0
008 data
010 _a 75036775
020 _a0465067768 :
_c{dollar}15.95
040 _aDLC
_cDLC
_dCtY
_dCtY
050 0 _aBF353
_b.M4
090 _aBF 353 M474p 1976
100 1 _aMehrabian, Albert.
245 1 0 _aPublic places and private spaces :
_bthe psychology of work, play, and living environments /
_cAlbert Mehrabian.
260 0 _aNew York :
_bBasic Books,
_cc1976.
300 _axiii, 354 p. :
_bill. ;
_c24 cm.
500 _aIncludes index.
504 _aBibliography: p. 337-348.
590 _aIncludes index. Bibliography: p. 337-348
650 0 _aEnvironmental psychology.
650 0 _aArchitecture
_xPsychological aspects.
001 data
999 _c302
_d302